000 02404nam a2200313 a 4500
999 _c2777
_d2777
006 m |o go|ad
007 cr |||||||||||
008 170901s2018 enka ob 001 0 eng d
020 _a9780203712979 (ebk)
040 _aKO
_beng
041 0 _aeng
044 _aenk
082 0 0 _a363.123
_223
245 0 0 _aManaging Maritime Safety /
_cedited by Helle A. Oltedal and Margareta Lutzhoft.
264 1 _aLondon ;
_bRoutledge/Taylor & Francis Group,
_c2018.
300 _a1 online resource
504 _aIncludes bibliographical references and index.
520 _a"Shipping is a pillar of global trade, with 90% of the world's trade in goods and raw materials carried by ship. Despite the economic benefits this delivers, maritime operations can be dangerous, and when accidents occur the consequences are serious. Consequential outcomes from hazards at sea include loss of cargo, destruction of the marine environment, serious injuries, deaths and material damage. Managing Maritime Safety will give you a thorough understanding of contemporary maritime safety and its management. It provides varying viewpoints on traditional safety topics in conjunction with critical discussions of the international safety management code and its application. The book also offers new perspectives on maritime safety such as ship and equipment design for safety and the relevance of safety management systems, in particular the application of the International Safety Management code to remote controlled or autonomous ships. The authors all work in the maritime industry, as practitioners, in education, research, government and classification. The combination of wide-ranging and extensive experience provides an unprecedented span of views with a strong connection to the real issues in the maritime domain. This book sets out to provide much needed consolidated knowledge for university level students on maritime safety management, incorporating theoretical, historical, research, operational and design perspectives."--Provided by publisher.
650 0 _aShipping
_xSecurity measures.
650 0 _aMerchant marine
_xSecurity measures.
650 0 _aNavigation
_xSafety measures.
700 1 _aOltedal, Helle,
_eedt
700 1 _aLutzhoft, Margareta,
_eedt
856 4 0 _uhttp://www.taylorfrancis.com/books/9780203712979
904 _aRUDRA_R
905 _aR_RANJAN
942 _cEB